| 000 | 00448nam a2200157Ia 4500 | ||
|---|---|---|---|
| 008 | 151213s9999 xx 000 0 und d | ||
| 020 | _a81-2192978-4 | ||
| 100 | _aArun Bhal , B.S.Bhal & G.D.Tuli | ||
| 245 |
_aPhysical Chemistry _cArun Bhal , B.S.Bhal & G.D.Tuli |
||
| 260 |
_aNew Delhi _bS. Chand and Com. _c1943 |
||
| 300 | _a7564 p. | ||
| 650 | _aChemistry | ||
| 650 | _ascience | ||
| 700 | _aArun Bhal , B.S.Bhal & G.D.Tuli | ||
| 999 |
_c4003 _d4003 |
||